LEADER 00988nam a2200241 a 4500 001 000000170618 003 CaOOAMICUS 005 20181120102833.0 008 181120s1959 it 000 u ita r 032 $aLibriCat 040 $aPul$bita 100 1 $aPalladino, Giuseppe.$0(OLS)http://pul/name/30298 245 10$aRapporti fra politica ed economia /$cGiuseppe Palladino. 260 $aMilano :$bGiuffrè,$c1959. 300 $aP. 376-392 ;$c24 cm. 500 $aEstratto da Sociologia, Bollettino dell'Istituto Luigi Sturzo, anno III Ottobre-Dicembre 1958 - n. 4. 600 14$aSturzo, Luigi,$csac.,$d1871-1959$xPensiero politico e sociale.$0(OLS)http://pul/subject/5647 850 $aPUL 852 $aPUL$W1$xDP1 Fondo De Girolamo$y124$m1 E 10$j151944$qFondi$B198994$CPULBib$Z2$F198994 $81 941 1 $a1 996 $6245$aRapporti fra politica ed economia$9(OLS)http://pul/title/211419 996 $6260$aMilano :$bGiuffrè$9(OLS)http://pul/publisher/48401 LEADER 01599nam a2200301 a 4500 001 000000105587 003 CaOOAMICUS 005 20070612134819.0 008 070612s2006 it 000 0 ita d 020 $a88-14-12199-0 040 $aPUL$bita$dES 100 1 $aBevere, Antonio.$0(OLS)http://pul/name/64830 245 13$aIl diritto di informazione e i diritti della persona :$bil conflitto della libertà di pensiero con l'onore, la riservatezza, l'identità personale /$cAntonio Bevere, Augusto Cerri. 250 $a2. ed 260 $aMilano :$bA. Giuffrè,$cc2006. 300 $axii, 308 p. ;$c21 cm 490 1 $aTeoria e pratica del diritto.$aSezione III, Diritto e procedura penale ;$v73 504 $aContiene riferimenti bibliografici p. 289-292 650 04$aDiritto all'informazione.$0(OLS)http://pul/subject/6954 650 04$aTutela dei diritti.$0(OLS)http://pul/subject/17090 700 1 $aCerri, Augusto.$0(OLS)http://pul/name/26753 830 0$aTeoria e pratica del diritto.$nSezione III,$pDiritto e procedura penale ;$v73.$0(OLS)http://pul/title/49488 850 $aPUL 852 $aPUL$W1$xSL Diritto e Scienze Sociali 3$y79$m323. 44 BEVAN 1$j121772$qDDC 21$B120769$CPULBib$Z2$F120769 $H104168 $82 941 1 $a9 996 $6020$a88-14-12199-0$9(OLS)http://pul/number/134785 996 $6245$aIl diritto di informazione e i diritti della persona :$bil conflitto della libertà di pensiero con l'onore, la riservatezza, l'identità personale$9(OLS)http://pul/title/132897 996 $6260$aMilano :$bA. Giuffrè$9(OLS)http://pul/publisher/48096